[Event "26th Abu Dhabi Master 2019"]
[Site "Abu Dhabi"]
[Date "2019.08.02"]
[Round "1.1"]
[White "Kryvoruchko, Yuriy"]
[Black "Viani Antonio Dcunha"]
[Result "0-1"]
[WhiteElo "2691"]
[BlackElo "2371"]
[Annotator "TA"]
[PlyCount "66"]
[EventDate "2019.08.02"]
[EventType "swiss"]
[EventCountry "UAE"]
[SourceTitle "playchess.com"]
[Source "ChessBase"]
[SourceQuality "1"]

{[%evp 11,66,13,4,10,20,6,8,0,0,8,19,0,0,0,0,0,0,-16,0,-92,0,-97,-87,-106,-100,-101,-72,-81,-65,-159,-104,-131,-126,-135,-140,-137,-135,-291,-269,-333,-304,-622,-599,-637,-300,-299,-285,-331,-334,-340,-325,-875,-861,-29987,-29988,-29988,-29986]} 1. e4 e5 2. Nf3 Nc6 3. Bb5 a6 4. Ba4 Nf6 5. O-O Bc5 6. Bxc6 dxc6 7. d3 {C78: Ruy Lopez: Archangelsk and Möller Defences} Bg4 (7... Qe7 8. Nbd2 Bg4 9. Nc4 Nd7 10. h3 Bh5 11. Be3 f6 12. Qe2 g5 13. Bxc5 Nxc5 14. Ne3 Ne6 {½-½ (31) Almasi,Z (2702)-Fressinet,L (2649) Batumi 2018}) 8. h3 Bh5 9. g4 {The position is equal.} Bg6 $146 ({Predecessor:} 9... Nxg4 10. hxg4 Bxg4 11. Be3 Qf6 12. Kg2 h5 13. Bxc5 h4 14. Nbd2 h3+ {1-0 (30) Antipov,M (2070)-Khamidov,K (1835) Kemer 2007}) 10. Nxe5 Nd7 11. Nxd7 (11. Nf3 {keeps more tension.} Qe7 12. Qe1 O-O-O 13. Bf4 h5 14. g5) 11... Qxd7 12. Be3 Bxe3 13. fxe3 h5 14. Kg2 O-O-O 15. Nd2 (15. Nc3 $11) 15... Kb8 (15... Qe7 $1 $17) 16. Nb3 (16. g5 $1 $11) 16... hxg4 17. Qxg4 Qe7 18. Nd4 Rh4 {[%mdl 1024] Black has strong compensation.} 19. Qg3 Rdh8 $36 {[%mdl 2048] Black is more active.} 20. Rh1 (20. b3 $15) 20... R4h5 ({Better is} 20... R4h6 {And now ...Bxe4+! would win.} 21. Kf2 c5) 21. h4 R8h6 $1 {aiming for ...Bxe4+!} 22. Kf2 Bxe4 23. dxe4 Qxe4 24. Ke2 $2 {[#]} (24. b4 $17 {keeps fighting.}) 24... c5 $1 $19 {[%cal Rc5d4]} 25. Qf3 {[#]} Qh7 $1 26. Kd2 $2 (26. Rae1 Rf6 27. Qg3) 26... cxd4 27. exd4 Rxh4 (27... Rf6 $142 28. Qg2 Rg6) 28. Rxh4 Rxh4 {KQR-KQR} 29. Rg1 Qh6+ ({Don't do} 29... Rxd4+ 30. Kc1 $19) 30. Kd3 Rf4 31. Qd5 $2 (31. Qe3 g5 32. Re1) 31... Rf2 {( -> ...Qd2+)} 32. c3 Qd2+ 33. Kc4 Qxb2 {Accuracy: White = 37%, Black = 70%.} 0-1

[Event "26th Abu Dhabi Master 2019"]
[Site "Abu Dhabi"]
[Date "2019.08.02"]
[Round "1.2"]
[White "Rajdeep Sarkar"]
[Black "Ni, Hua"]
[Result "1/2-1/2"]
[WhiteElo "2369"]
[BlackElo "2668"]
[Annotator "TA"]
[PlyCount "106"]
[EventDate "2019.08.02"]
[EventType "swiss"]
[EventCountry "UAE"]
[SourceTitle "playchess.com"]
[Source "ChessBase"]
[SourceQuality "1"]

{[%evp 9,106,12,27,27,39,6,13,21,27,17,25,19,30,11,27,22,22,20,27,20,22,0,18,19,35,37,43,31,39,13,22,0,0,0,0,0,0,0,0,-8,-14,-33,0,-34,-40,-35,0,0,4,0,13,6,8,4,3,0,0,0,6,7,11,13,19,0,14,0,0,-43,0,-8,-8,-8,-4,-20,0,0,0,0,0,0,0,0,0,0,0,0,0,-8,-8,-8,-8,-8,0,0,0,0,0,0,0]} 1. c4 e5 2. Nc3 Bb4 3. Nd5 a5 4. a3 Bc5 5. Nf3 c6 6. Nc3 $1 {A21: English Opening: 1...e5 2 Nc3} d6 7. e3 Nd7 8. d4 Ba7 9. Be2 $146 ({Predecessor:} 9. Ne4 Bb8 10. d5 Ngf6 11. dxc6 Nxe4 12. cxd7+ Bxd7 {0-1 (55) Nepomniachtchi,I (2751)-Anand,V (2776) Moscow 2018}) 9... Ngf6 10. b4 O-O 11. Bb2 Re8 12. dxe5 dxe5 13. c5 Qe7 14. Nd2 Bb8 15. Nc4 Rd8 {next ...Nxc5 is good for Black.} 16. Qc2 axb4 17. axb4 Rxa1+ 18. Bxa1 Nd5 19. Nxd5 cxd5 20. Nd2 Qh4 $36 {[%mdl 2048] Black has some pressure.} 21. b5 {[#] Threatens to win with c6.} Qb4 22. c6 bxc6 23. bxc6 Qc5 24. Qxc5 Nxc5 25. O-O Bc7 26. f4 exf4 27. exf4 d4 28. g3 Be6 29. Bc4 Kf8 30. Bxe6 Nxe6 31. f5 Nc5 32. Bb2 {[#] Hoping for Ba3.} Nd3 33. Ba3+ Ke8 34. f6 gxf6 35. Ne4 {[%cal Re4f6]} Ra8 36. Nxf6+ Kd8 37. Bf8 Ne5 38. Nd5 Nxc6 (38... Ra5 {is interesting.} 39. Nb4 Rb5 40. Rf5 Ke8 41. Na6 Rb1+) 39. Nxc7 {The position is equal.} Kxc7 40. Rxf7+ $15 {[%mdl 4096] Endgame KRB-KRN} Kb6 41. Bh6 Ne5 42. Rxh7 Ra2 43. h4 d3 44. Re7 Ng4 45. Bf4 {aiming for Rd7.} d2 46. Bxd2 Rxd2 $11 {KRN-KR} 47. Re4 Nf2 48. Re6+ Kc5 49. Kg2 Kd5 50. Re8 {Rd8+ is the strong threat.} Ra2 51. Kf3 Nh3 52. Re1 Nf2 53. Re2 Rxe2 {Accuracy: White = 61%, Black = 62%.} 1/2-1/2

[Event "26th Abu Dhabi Master 2019"]
[Site "Abu Dhabi"]
[Date "2019.08.02"]
[Round "1.3"]
[White "Salem, A.R. Saleh"]
[Black "Rathanvel, V S"]
[Result "1-0"]
[WhiteElo "2672"]
[BlackElo "2367"]
[Annotator "RC"]
[PlyCount "87"]
[EventDate "2019.08.02"]
[EventType "swiss"]
[EventCountry "UAE"]
[SourceTitle "playchess.com"]
[Source "ChessBase"]
[SourceQuality "1"]
[TimeControl "5400+30"]

1. e4 {[%emt 0:00:03]} c5 {[%emt 0:00:00]} 2. Nf3 {[%emt 0:00:05]} d6 {[%emt 0:00:00]} 3. d4 {[%emt 0:00:10]} cxd4 {[%emt 0:00:02]} 4. Nxd4 {[%emt 0:00:02]} Nf6 {[%emt 0:00:12]} 5. Nc3 {[%emt 0:00:06]} a6 {[%emt 0:00:08]} 6. h3 {[%emt 0:00:08]} e5 {[%emt 0:00:06]} 7. Nde2 {[%emt 0:00:10]} h5 {[%emt 0:00:08]} 8. Bg5 {[%emt 0:00:07]} Be6 {[%emt 0:00:10]} 9. Bxf6 {[%emt 0:00:28]} Qxf6 {[%emt 0:00:11]} 10. Nd5 {[%emt 0:00:09]} Qd8 {[%emt 0:00:31]} 11. Qd3 {[%emt 0:00:20]} Nd7 {[%emt 0:00:25]} 12. O-O-O {[%emt 0:00:31]} b5 {[%emt 0:00:17]} 13. Nec3 {[%emt 0:00:38]} g6 {[%emt 0:00:15]} 14. Kb1 {[%emt 0:00:55]} Nc5 {[%emt 0:00:48]} 15. Qe2 {[%emt 0:00:01]} Bg7 {[%emt 0:00:15]} 16. h4 {[%emt 0:00:05]} Rb8 {[%emt 0:00:59]} 17. b4 {[%emt 0:05:15]} Nd7 {[%emt 0:02:50]} 18. a4 {[%emt 0:00:05]} a5 {[%emt 0:18:33]} 19. Nxb5 {[%emt 0:04:41]} O-O {[%emt 0:00:43]} 20. Ndc7 {[%emt 0:05:28]} Nb6 {[%emt 0:33:01]} 21. Qe3 {[%emt 0:16:49]} Bd7 {[%emt 0:15:05]} 22. Rxd6 {[%emt 0:05:08]} Nxa4 {[%emt 0:16:06]} 23. Qa7 {[%emt 0:15:34]} axb4 {[%emt 0:08:19]} 24. Nd5 {[%emt 0:00:36]} Bxb5 {[%emt 0:00:47]} 25. Rxd8 {[%emt 0:00:14]} Rfxd8 {[%emt 0:00:05]} 26. Bxb5 {[%emt 0:16:01]} Nc3+ {[%emt 0:00:07]} 27. Nxc3 {[%emt 0:00:02]} bxc3 {[%emt 0:00:07]} 28. Qa5 {[%emt 0:00:06]} Bf8 {[%emt 0:02:02]} 29. Rh3 {[%emt 0:00:38]} Bc5 {[%emt 0:01:46]} 30. Rxc3 {[%emt 0:03:09]} Rd1+ {[%emt 0:00:06]} 31. Ka2 {[%emt 0:00:29]} Bd4 {[%emt 0:00:08]} 32. Ra3 {[%emt 0:01:12]} Ra1+ {[%emt 0:00:41]} 33. Kb3 {[%emt 0:00:01]} Rb1+ {[%emt 0:00:13]} 34. Kc4 {[%emt 0:01:06]} Bb6 {[%emt 0:01:17]} 35. Qa6 {[%emt 0:00:02]} Bxf2 {[%emt 0:00:23]} 36. Qc6 {[%emt 0:04:57]} Kg7 {[%emt 0:00:42]} 37. Rf3 {[%emt 0:01:26]} Bxh4 {[%emt 0:00:29]} 38. Qd7 {[%emt 0:01:13]} Kh6 {[%emt 0:00:27]} 39. Rxf7 {[%emt 0:00:47]} Bd8 {[%emt 0:00:29]} 40. Rh7+ {[%emt 0:02:20]} Kg5 {[%emt 0:00:06]} 41. Qd2+ {[%emt 0:00:20]} Kh4 {[%emt 0:00:22]} 42. Bd7 {[%emt 0:02:56]} Bb6 {[%emt 0:00:34]} 43. g3+ {[%emt 0:01:14]} Kxg3 {[%emt 0:00:07]} 44. Qg5+ {[%emt 0:00:05]} 1-0

[Event "26th Abu Dhabi Master 2019"]
[Site "Abu Dhabi"]
[Date "2019.08.02"]
[Round "1.4"]
[White "Raja Rithvik R"]
[Black "Maghsoodloo, Parham"]
[Result "0-1"]
[WhiteElo "2357"]
[BlackElo "2656"]
[Annotator "TA"]
[PlyCount "96"]
[EventDate "2019.08.02"]
[EventType "swiss"]
[EventCountry "UAE"]
[SourceTitle "playchess.com"]
[Source "ChessBase"]
[SourceQuality "1"]

{[%evp 9,98,17,13,0,8,-22,0,0,39,36,34,28,37,20,24,0,0,0,0,-6,-4,-4,-4,-3,0,0,12,12,12,22,25,0,18,0,0,-6,0,0,0,0,0,0,0,-14,0,-13,-14,-4,0,-2,-3,-27,-21,-54,-45,-44,-47,-43,-32,-33,-29,-23,-8,-8,-8,-82,0,-489,-468,-463,-484,-522,-510,-516,-505,-461,-436,-1167,-1017,-992,-965,-1716,-1710,-2704,-2570,-29946,-12847,-4710,-2814,-29962,-29962]} 1. d4 f5 2. c4 Nf6 3. Nc3 e6 4. Qc2 b6 5. e3 Bb7 6. f3 {A40: Unusual replies to 1 d4} c5 7. d5 exd5 8. cxd5 {The position is equal.} Nxd5 9. Nxd5 Bxd5 10. Qxf5 Be6 11. Qe4 Nc6 12. Bc4 $146 ({Predecessor:} 12. Bb5 Rc8 13. Ne2 Qe7 {½-½ (37) Bernasek,J (2487)-Gleizerov,E (2569) Brno 2012}) 12... Qe7 13. Ne2 Bg8 {[#] aiming for ...Qxe4.} 14. Qxe7+ Bxe7 15. Bxg8 Rxg8 16. Nc3 Bf6 17. Nd5 Rc8 18. Ke2 Ne7 19. Rd1 c4 20. Rb1 Rc5 21. Nxe7 Kxe7 22. Bd2 {And now Bb4 would win.} Rb5 23. Bc3 Bxc3 24. bxc3 $11 {[%mdl 4096] Endgame KRR-KRR} Ra5 25. Rb2 Rc8 26. Rd4 Ra3 27. Rc2 Rc5 28. e4 Rca5 29. Rdd2 b5 30. Kf2 Ra6 31. Rb2 Rb6 32. Rbc2 Rd6 33. Ke2 a5 34. h4 Rxd2+ 35. Kxd2 $15 {KR-KR} Kd6 36. Kc1 Kc5 37. Kb1 (37. Kb2 $11 b4 38. Rc1) 37... d6 (37... b4 $17 38. Kb2 Ra4) 38. Rd2 $2 {[%mdl 8192]} (38. h5 $11) 38... Rxc3 $19 39. Rd5+ Kc6 40. Rg5 g6 41. h5 gxh5 42. Rxh5 Re3 43. a4 (43. Rxh7 $142 Re1+ 44. Kc2) 43... Re1+ 44. Kc2 b4 {[%cal Bb5b4,Bb4b3][%mdl 32]} 45. Rxa5 b3+ 46. Kc3 Rc1+ 47. Kb2 Rc2+ {[%mdl 64] Double Attack} 48. Kb1 {[#]} Rxg2 {Played: Rc2-a2} 0-1

[Event "26th Abu Dhabi Master 2019"]
[Site "Abu Dhabi"]
[Date "2019.08.02"]
[Round "1.5"]
[White "Akopian, Vladimir"]
[Black "Kulkarni, Rakesh"]
[Result "1-0"]
[WhiteElo "2650"]
[BlackElo "2360"]
[Annotator "TA"]
[PlyCount "71"]
[EventDate "2019.08.02"]
[EventType "swiss"]
[EventCountry "UAE"]
[SourceTitle "playchess.com"]
[Source "ChessBase"]
[SourceQuality "1"]

{[%evp 13,71,50,50,35,51,44,54,45,58,62,66,13,37,0,0,-17,0,-4,6,-27,-31,-54,114,52,125,121,246,239,285,301,277,155,169,169,175,165,165,148,148,143,145,129,129,140,519,525,537,487,525,515,912,912,888,888,849,834,803,785,29982,29968]} 1. e4 c5 2. Nf3 e6 3. d4 cxd4 4. Nxd4 a6 5. Bd3 Ne7 6. O-O Nbc6 7. Nxc6 Nxc6 8. Qg4 {B42: Sicilian: Kan Variation: 5 Bd3} g6 9. Bg5 f6 10. Be3 {White is slightly better.} Bg7 11. Qg3 O-O 12. Nc3 $146 ({Better is} 12. c3 $14) ({Predecessor:} 12. Nd2 f5 13. Rad1 b5 14. Bg5 Qe8 15. Rfe1 Qf7 16. exf5 gxf5 {1-0 (32) Chadaev,N (2564)-Kulkarni,R (2233) Mumbai 2011}) 12... b5 $11 13. h4 Bb7 14. h5 Ne5 15. hxg6 hxg6 16. f4 Nxd3 17. cxd3 d5 $2 (17... f5 $1 $15 {keeps the upper hand.}) 18. exd5 ({White should try} 18. Bc5 $16) 18... exd5 (18... b4 $14) 19. Bd4 $36 {[%mdl 2048] White is in control.} b4 {[#]} (19... Kf7 $16 {keeps fighting.}) 20. Na4 $1 $18 Qe8 21. Nb6 Rd8 22. Rac1 (22. f5 $18 g5 23. Rae1) 22... f5 $16 23. Bxg7 Kxg7 24. Rfe1 Qf7 25. Qe3 Qf6 26. Rc7+ Rf7 27. Qc5 {Threatens to win with Ree7.} Rxc7 28. Qxc7+ {[%mdl 64] Double Attack} Kh6 $2 {[%mdl 8192]} (28... Kf8 $16 29. Re5 (29. Qxb7 Qd4+ {[%mdl 64] Double Attack} 30. Kh1 Qh8+ 31. Kg1 Qd4+ {[%mdl 64] Double Attack} 32. Kh2 Qxf4+ 33. Kg1 Qd4+ {[%mdl 64] Double Attack} 34. Kf1 Qf4+ 35. Kg1 Qd4+ {[%mdl 64] Double Attack} 36. Kf1 Qf4+ 37. Kg1 $11) (29. Nd7+ Rxd7 30. Qxd7 Qd4+ 31. Kf1 Qxd3+ 32. Kf2 Qd2+ {[%mdl 64] Double Attack} 33. Re2 Qxf4+ 34. Ke1 Qc1+ 35. Kf2 Qf4+ 36. Ke1 Qc1+ 37. Kf2 Qf4+ $11) 29... Bc6) 29. Qxb7 $18 Qd4+ 30. Kh1 Qxf4 {( -> ...Qh4+)} 31. Qe7 Rd6 (31... Qg5 $142 32. Qxb4 Qf6) 32. Re3 {Rh3+ would kill now.} Qf1+ 33. Kh2 {[%cal Re3h3]} Qf4+ 34. Kg1 Qd4 35. Kh1 {White threatens Rh3+ and mate.} Rf6 {[#]} 36. Nd7 {Played: Nb6xd5} 1-0

[Event "26th Abu Dhabi Master 2019"]
[Site "Abu Dhabi"]
[Date "2019.08.02"]
[Round "1.6"]
[White "Divya Deshmukh"]
[Black "Onischuk, Vladimir"]
[Result "1-0"]
[WhiteElo "2373"]
[BlackElo "2637"]
[Annotator "TA"]
[PlyCount "127"]
[EventDate "2019.08.02"]
[EventType "swiss"]
[EventCountry "UAE"]
[SourceTitle "playchess.com"]
[Source "ChessBase"]
[SourceQuality "1"]

{[%evp 9,127,39,85,10,10,7,27,10,10,13,16,0,0,0,0,0,0,-5,-6,-27,-27,-25,-34,-41,-30,-93,-77,-89,-83,-132,-127,-115,-132,-123,-114,-122,-138,-128,-116,-135,-128,-125,-129,-175,-172,-203,-193,-198,-146,-139,-75,-74,224,210,233,237,239,221,215,230,213,211,310,319,313,319,313,310,299,223,224,203,440,430,609,552,636,612,800,782,752,732,715,512,714,695,547,524,528,512,509,491,481,471,1216,1058,956,508,1024,923,1479,1297,1939,1712,2139,2042,29971,29973,29974,29975,29975,29976,29977,29978,29977,29981,29981,29982,29982,29982]} 1. e4 d6 2. d4 g6 3. Nc3 Bg7 4. Be3 a6 5. h4 h6 6. f4 {B06: Modern Defence} (6. h5 $16) 6... h5 $11 7. Qd2 $146 ({Predecessor:} 7. Nf3 Nh6 8. Bd3 Ng4 9. Bg1 e6 10. Qd2 Nc6 11. O-O-O Bd7 12. Kb1 Ne7 13. Ng5 {0-1 (39) Grigoriants,S (2561)-Petrosian,T (2601) Riadh 2017}) 7... Nh6 8. Bd3 {White has an edge.} Nd7 9. Nf3 Nf6 10. O-O-O Nfg4 11. Rhe1 c6 12. Bg1 d5 13. Na4 O-O 14. Kb1 dxe4 15. Bxe4 Nf6 16. Bd3 Bg4 17. c4 (17. Rc1 $11 {keeps the balance.}) 17... Nf5 18. Rc1 e6 19. Qf2 Bxf3 20. gxf3 b5 21. Nc5 {[%cal Ba4c5,Bc5d3,Bd3b4][%mdl 32]} bxc4 22. Rxc4 Nd5 23. Bxf5 exf5 24. Nd3 Rc8 25. Rec1 Re8 26. a3 Ne3 27. Ra4 Bxd4 28. Qd2 Rb8 ({Black should play} 28... Qd5 $19 29. Ne1 Bg7 30. Qxd5 (30. Bxe3 $2 Qb3 $19 {[%mdl 64] Double Attack}) 30... Nxd5) 29. Nb4 $17 Qd7 (29... c5 $142 30. Nc6 Rxb2+ 31. Qxb2 Bxb2 32. Nxd8 Bxc1 33. Kxc1 Ng2 34. Bxc5 Rxd8) 30. Rxa6 {[#] aiming for Bxe3.} Re6 $2 {[%mdl 8192]} (30... c5 $17 {stays on course.} 31. Rxc5 Rbd8 32. Bxe3 Bxe3 33. Qxd7 Rxd7) 31. Raxc6 Rxc6 32. Rxc6 Rxb4 33. Qxb4 {Black must now prevent Rd6!} Qxc6 34. Qxd4 Nc4 35. Qc3 Qe6 (35... Qa6 {keeps fighting.} 36. Bd4 Na5) 36. Bd4 $18 Qe2 37. Ka2 {Bh8 is the strong threat.} Qe6 38. Ka1 Nd6 {With the idea ...Nb5.} 39. Be5 Nc4 {[#]} 40. Bf6 $1 ({Don't take} 40. Bh8 $6 Kf8 $16) 40... Nd6 $2 (40... Nd2 41. Be5 (41. Qxd2 Qxf6 42. Qf2 Qd6 $11) 41... f6) 41. Qe5 Qd7 (41... Qxe5 $142 42. fxe5 Nc4) 42. Qd5 Kf8 43. Kb1 Ke8 44. a4 Nc8 45. Qe5+ Kf8 46. Qc5+ Ke8 47. Qe3+ Kf8 48. b3 Qc6 49. Bd4 f6 50. Kb2 Kf7 51. Qc3 Ne7 (51... Qe6 $142 52. Qc7+ Ke8) 52. Qxc6 Nxc6 {[%mdl 4096] Endgame KB-KN} 53. Be3 Ke6 (53... Nb4 $142 54. Bd2 Nd5) 54. Kc3 Kd5 55. b4 {[%cal Bb3b4,Bb4b5][%mdl 32]} Nd8 56. b5 Ne6 57. a5 {[%cal Ba4a5,Ba5a6,Ba6a7][%mdl 32]} g5 58. a6 {White mates.} Nc7 59. fxg5 fxg5 60. hxg5 Nxb5+ 61. Kb4 Nc7 62. a7 Kc6 63. Bf4 Nd5+ 64. Kc4 {Accuracy: White = 68%, Black = 55%.} 1-0

[Event "26th Abu Dhabi Master 2019"]
[Site "Abu Dhabi"]
[Date "2019.08.02"]
[Round "1.7"]
[White "Volokitin, Andrei"]
[Black "Dixit, Nikhil"]
[Result "1/2-1/2"]
[WhiteElo "2636"]
[BlackElo "2318"]
[Annotator "TA"]
[PlyCount "35"]
[EventDate "2019.08.02"]
[EventType "swiss"]
[EventCountry "UAE"]
[SourceTitle "playchess.com"]
[Source "ChessBase"]
[SourceQuality "1"]

{[%evp 18,32,37,36,72,70,65,77,50,30,47,41,75,67,56,0,62]} 1. e4 e6 2. d4 d5 3. Nc3 Nf6 4. e5 Nfd7 5. f4 c5 6. Nf3 Nc6 7. Be3 Qb6 8. Na4 Qa5+ 9. c3 c4 10. b4 $1 {[%cal Rb4a5]} Nxb4 {C11: French: Classical System: 4 e5 and 4 Bg5 dxe4} (10... Qc7 11. Be2 Be7 12. O-O O-O 13. Qd2 f5 14. exf6 Nxf6 15. Qc2 b6 16. Ne5 Bb7 17. Nb2 b5 18. a4 a6 19. Bf3 Bd6 20. Rae1 {1-0 (144) Robson,R (2660)-Akobian,V (2647) Saint Louis 2018}) 11. cxb4 Bxb4+ 12. Kf2 b5 {White is better.} 13. Nc5 Nxc5 14. dxc5 Bd7 15. a3 Bc3 16. Rb1 (16. Be2 $14) 16... O-O ({Better is} 16... Qxa3 $11 17. Nd4 O-O) {Predecessor:} 17. Nd4 $146 Rfc8 18. Nc2 {1-0 (61) Stanke,J (2265)-Paulsen,D (2315) Germany 1995} 1/2-1/2

[Event "26th Abu Dhabi Master 2019"]
[Site "Abu Dhabi"]
[Date "2019.08.02"]
[Round "1.8"]
[White "Mullick, Raahil"]
[Black "Ter-Sahakyan, Samvel"]
[Result "1-0"]
[WhiteElo "2211"]
[BlackElo "2625"]
[Annotator "TA"]
[PlyCount "77"]
[EventDate "2019.08.02"]
[EventType "swiss"]
[EventCountry "UAE"]
[SourceTitle "playchess.com"]
[Source "ChessBase"]
[SourceQuality "1"]

{[%evp 15,77,29,25,33,21,22,25,21,25,25,25,27,25,13,17,12,19,13,41,28,34,38,86,75,79,73,62,63,79,70,96,95,83,68,74,76,97,103,106,72,225,220,205,205,250,244,277,268,418,393,443,399,457,426,539,485,814,816,812,804,1068,1062,897,843]} 1. e4 c5 2. Nf3 d6 3. d4 cxd4 4. Nxd4 Nf6 5. Nc3 a6 6. Be3 e5 7. Nb3 Be6 8. f3 h5 9. Nd5 {B90: Sicilian Najdorf: Unusual White 6th moves, 6 Be3 Ng4 and 6 Be3 e5} Bxd5 10. exd5 Nbd7 11. Qd2 {White has an edge.} g6 12. Be2 Bg7 13. O-O b6 14. c4 O-O 15. Rad1 Re8 16. Kh1 a5 $146 ({Predecessor:} 16... Nh7) 17. Na1 Nc5 18. Nc2 Ra7 19. Na3 e4 {[#]} 20. f4 $1 Ng4 21. Bxg4 $1 hxg4 22. Nb5 Rd7 23. f5 Be5 24. g3 Qf6 $1 25. Nd4 Nd3 26. fxg6 Qxg6 27. Nf5 f6 $2 {[#]} (27... Nxb2 $16 {was worth a try.} 28. Rc1 Rb7) 28. Nh4 $1 $18 {[%cal Rh4g6]} (28. Bxb6 Nxb2 29. Rc1 Nd3 $14) 28... Qh7 29. b3 Rg7 30. Rf5 ({But not} 30. Bxb6 $6 Rf8) 30... Rg6 31. Rdf1 ({Not} 31. Bxb6 Rh6 $16) 31... Rg7 (31... Nc5 $142 32. Nxg6 Qxg6) 32. Bxb6 Rb7 33. Bxa5 Ra8 34. Bc3 {White is clearly winning.} Rba7 35. a4 Rb7 (35... Bxc3 $142 36. Qxc3 Rf7) 36. Bxe5 Nxe5 37. Rxf6 Rxb3 38. Qg5+ Qg7 39. Ng6 {Accuracy: White = 85%, Black = 38%.} 1-0

[Event "26th Abu Dhabi Master 2019"]
[Site "Abu Dhabi"]
[Date "2019.08.02"]
[Round "1.9"]
[White "Esipenko, Andrey"]
[Black "Pranav Anand"]
[Result "1-0"]
[WhiteElo "2621"]
[BlackElo "2347"]
[Annotator "TA"]
[PlyCount "77"]
[EventDate "2019.08.02"]
[EventType "swiss"]
[EventCountry "UAE"]
[SourceTitle "playchess.com"]
[Source "ChessBase"]
[SourceQuality "1"]

{[%evp 18,77,35,37,25,11,54,0,29,0,25,17,57,51,61,50,77,63,103,99,98,67,100,108,108,98,97,96,134,122,127,127,127,127,125,125,128,123,132,124,125,133,143,132,133,132,204,197,205,204,214,159,159,159,150,112,342,331,655,646,29975,29966]} 1. d4 Nf6 2. c4 g6 3. g3 Bg7 4. Bg2 O-O 5. Nf3 d6 6. O-O Nbd7 7. Qc2 e5 8. Rd1 Re8 9. Nc3 exd4 10. Nxd4 ({Much worse is} 10. Rxd4 Nc5 $17) 10... Nc5 {E67: King's Indian: Fianchetto: 6...Nbd7} 11. b3 (11. h3 c6 12. b3 Qe7 13. Bb2 a5 14. a3 Bd7 15. Rd2 Nfe4 16. Nxe4 Nxe4 17. Rd3 Nc5 18. Re3 {1-0 (56) Mamedyarov,S (2736)-Bachmann,A (2593) Berlin 2015}) 11... a5 12. h3 ({White should play} 12. e4 $14) 12... Bd7 {The position is equal.} 13. Rb1 $146 ({Predecessor:} 13. Ba3 Qc8 14. Kh2 h5 15. Nd5 Ne6 16. Nxe6 Bxe6 17. Bb2 Nd7 18. Bxg7 Kxg7 19. Qc3+ f6 {0-1 (43) Golubenko,V (2291)-Naiditsch,Y (2442) Heraklio 2017}) 13... Qc8 14. Kh2 h6 15. e4 Ne6 16. Nxe6 Bxe6 17. Be3 Nd7 18. Qd2 Kh7 19. f4 f5 20. Bd4 Nf6 21. exf5 Bxf5 22. Rbc1 Be4 23. Nxe4 Nxe4 24. Qc2 $1 Nc5 25. Bxc5 $1 dxc5 26. Be4 Qe6 27. Re1 Qf6 28. Bxb7 Rad8 29. Be4 Bf8 30. Re2 Kg7 31. Rce1 g5 (31... Re7 $16 {is a better defense.} 32. Bg2 Rde8 33. Rxe7+ Rxe7) 32. fxg5 $18 Qxg5 {[#]} 33. h4 $1 {[%cal Rh4g5]} Qg4 34. Bf5 Rxe2+ 35. Rxe2 Qd4 36. Kh3 Qd1 $2 (36... Rd6 $16 37. Qc1 Kh8) 37. Qc3+ Rd4 $2 {[#]} (37... Qd4 38. Qxa5 Bd6) 38. Qf3 $1 {Threatens to win with Be6.} Kh8 39. Bc2 {Accuracy: White = 69%, Black = 37%.} 1-0

[Event "26th Abu Dhabi Master 2019"]
[Site "Abu Dhabi"]
[Date "2019.08.02"]
[Round "1.10"]
[White "Moksh Amit Doshi"]
[Black "Socko, Bartosz"]
[Result "0-1"]
[WhiteElo "2229"]
[BlackElo "2625"]
[Annotator "TA"]
[PlyCount "72"]
[EventDate "2019.08.02"]
[EventType "swiss"]
[EventCountry "UAE"]
[SourceTitle "playchess.com"]
[Source "ChessBase"]
[SourceQuality "1"]

{[%evp 20,72,29,29,25,11,18,8,40,37,34,27,29,22,22,19,22,3,0,-24,-17,-18,-12,-18,-12,-12,0,0,0,0,0,0,8,0,0,-8,0,-8,-7,-156,-146,-149,-149,-245,-250,-227,-240,-330,-317,-480,-441,-29986,-29987,-29986,-29987]} 1. d4 Nf6 2. c4 e6 3. g3 c5 4. Nf3 b6 5. Bg2 Bb7 6. O-O cxd4 7. Nxd4 Bxg2 8. Kxg2 Be7 9. Nc3 O-O 10. e4 Qc7 11. Qe2 (11. b3 {seems wilder.} a6 12. Bb2 Nc6 13. f3 Rfd8 14. Nc2) 11... Nc6 {A30: Symmetrical English: Double Fianchetto and Hedgehog} 12. Nxc6 (12. Ndb5 {feels hotter.} Qb8 13. Bf4 d6 14. Rad1 Rd8 15. Be3) 12... Qxc6 13. f3 $146 ({Predecessor:} 13. Bd2 Rac8 14. b3 Rfe8 15. Qf3 d6 16. Rad1 a6 17. Rfe1 b5 18. e5 Qxf3+ 19. Kxf3 dxe5 20. cxb5 {½-½ (70) Petrov,I (2179)-Vasilev,M (2417) Teteven 2004}) 13... d6 {The position is equal.} 14. b3 a6 15. Bb2 Rab8 16. Rac1 Qb7 17. Rfd1 b5 18. cxb5 axb5 19. e5 dxe5 20. Qxe5 Rfd8 21. Ne4 Rxd1 22. Rxd1 Ra8 23. a3 h6 24. b4 Rc8 25. Rd2 Qc6 26. h3 Ne8 27. g4 Kf8 28. Bd4 (28. h4 $5) 28... f6 29. Qf4 {[#]} (29. Qg3 $11 {keeps the balance.}) 29... e5 $1 $36 {[%cal Re5f4][%mdl 2560] Black is really pushing.} 30. Bxe5 {[#]} g5 $1 {[%cal Rg5f4]} 31. Qf5 (31. Qh2 $17 fxe5 32. Qxe5) 31... Ng7 $19 32. Qg6 fxe5 {[%mdl 64] Discovered Attack} 33. Nd6 Bxd6 $1 34. Qf6+ (34. Rxd6 {was worth a try.} Qc2+ 35. Qxc2 Rxc2+ 36. Kg1) 34... Kg8 {And now ...Bf8 would win.} 35. Rxd6 (35. Qxd6 $19 Ne6 36. Kg3) 35... Qc2+ 36. Kg3 Qc1 {Accuracy: White = 31%, Black = 76%.} 0-1